| 000 | 02294cam a2200385 4500500 | ||
|---|---|---|---|
| 005 | 20260208005023.0 | ||
| 041 | _afre | ||
| 042 | _adc | ||
| 100 | 1 | 0 |
_aHoeveler, J. David _eauthor |
| 245 | 0 | 0 | _aPhilosophy and Progressivism in Wisconsin: John Bascom at the University, 1874-1887 |
| 260 | _c2010. | ||
| 500 | _a85 | ||
| 520 | _aPrésident de l’Université du Wisconsin entre 1874 et 1887, le philosophe John Bascom profita de son mandat pour étendre ses théories aux problèmes sociaux et économiques. C’est ainsi qu’il se trouva à l’avant-garde des mouvements en faveur de la prohibition, des droits des femmes et des droits syndicaux. Il contribua aussi au progressisme du Wisconsin par son influence sur l’un de ses étudiants, le futur gouverneur Robert M. LaFollette, qui lui vouait une immense admiration. Cet article analyse l’apport de Bascom à la «culture du progrès». | ||
| 520 | _aJohn Bascom served as president of the University of Wisconsin from 1874 to 1887. He had won recognition for his philosophical writings before his appointment to Wisconsin and during his presidency applied his views to social and economic issues. He thus became a champion of temperance, women’s rights, and labor organization. He further contributed to Wisconsin progressivism through the influence he had on his student, and great admirer, the future reform governor Robert M. LaFollette. This essay examines Bascom’s contribution to the “culture of progress.” | ||
| 690 | _a“Idée du Wisconsin” | ||
| 690 | _aCharles Darwin | ||
| 690 | _adroits de femmes | ||
| 690 | _aEmmanuel Kant | ||
| 690 | _aNouvelle Théologie | ||
| 690 | _aRobert LaFollette | ||
| 690 | _asyndicats | ||
| 690 | _atempérance | ||
| 690 | _atranscendantalisme | ||
| 690 | _aCharles Darwin | ||
| 690 | _aImmanuel Kant | ||
| 690 | _alabor unions | ||
| 690 | _aNew Theology | ||
| 690 | _aRobert LaFollette | ||
| 690 | _atemperance | ||
| 690 | _atranscendentalism | ||
| 690 | _aWisconsin Idea | ||
| 690 | _awomen's rights | ||
| 786 | 0 | _nRevue française d’études américaines | 122 | 4 | 2010-05-18 | p. 12-26 | 0397-7870 | |
| 856 | 4 | 1 | _uhttps://shs.cairn.info/journal-revue-francaise-d-etudes-americaines-2009-4-page-12?lang=en&redirect-ssocas=7080 |
| 999 |
_c1650199 _d1650199 |
||